All LEGO City Subthemes - Statistics

General Stats
  • This quiz has been taken 6 times
  • The average score is 14 of 41
Answer Stats
Run Name % Correct
2005 - 20082010 - 2011 2014 2016 2020 2023 2026 Airport
100%
20052007 - 2010 2013 2015 - 2016 2019 - 2025 Fire
100%
2005 - 20122014 2016 - 2017 2020 - Police
100%
2006 - 20072009 - 2011 2014 - 2015 2018 2022 2024 - 2025 Trains
100%
20082013 2017 2026 Coast Guard
75%
2005 - 20092014 - 2020 2023 - Construction
75%
20142018 Arctic
50%
20082013 2017 Cargo
50%
2009 - 20102019 2022 2026 Farm
50%
2012 Forest Fire
50%
2012 Forest Police
50%
2012 - 20142020 - 2023 2025 Great Vehicles
50%
20172024 Jungle/Jungle Exploration
50%
2005 - 20072009 2012 2016 2018 2022 - 2025 Medical
50%
20122018 Mining
50%
20112015 2022 2024 - 2025 Space
50%
2015 Swamp Police
50%
20092016 2018 Air Show
25%
20072011 2015 2017 2020 2022 Beach
25%
20132020 Elite Police
25%
20232025 Exploration
25%
20052007 2011 2016 - 2017 2019 2024 Harbour
25%
2018 Mountain Police
25%
20162022 - 2023 Park
25%
2016 Prison Island
25%
2012 - 20132015 - Racing
25%
2005 - Seasonal
25%
2021 - 2023 Stuntz
25%
2007 - 20102012 - 2013 2015 - 2019 2021 - Traffic
25%
2016 Volcano Explorers
25%
20152020 Deep Sea Explorers
0%
2025 - Formula 1
0%
2008 - 20092016 2018 - 2019 Great Outdoors
0%
2019 Mars Exploration
0%
2022 Missions
0%
2025 - Mix & Match
0%
2026 Rides
0%
2019 Sky Police
0%
2025 Soapbox Racing
0%
20072009 - 2010 2012 - 2013 2015 - 2023 2025 Town
0%
2021 Wildlife Rescue
0%
No matching quizzes found
Score Distribution
Percent of People with Each Score
Percentile by Number Answered
Your Score History
You have not taken this quiz